000
00303nam a2200121Ia 4500
008
210430s9999 xx 000 0 und d
082
_a
543 S6287 P
100
_a
Skoog
_9
53537
245
_a
Principles Instrumental Analysis
_c
Skoog
260
_a
India
_b
skoog
_c
1985
300
_a
849p
942
_c
BK
_2
ddc
999
_c
563616
_d
563616